[Event "Kvika Reykjavik Open 2022"]
[Site "Reykjavik, Iceland"]
[Date "2022.04.09"]
[Round "5.18"]
[White "Larkin, Vladyslav"]
[Black "Sowray, Peter J"]
[Result "1-0"]
[WhiteElo "2424"]
[BlackElo "2243"]
[PlyCount "69"]
[EventDate "2022.??.??"]

1. d4 {[%eval 3,0]} d5 {[%eval 35,0]} 2. Nf3 {[%eval 28,0]} Nf6 {[%eval 25,0]}
3. e3 {[%eval 0,0]} e6 {[%eval 0,0]} 4. Bd3 {[%eval 0,0]} c5 {[%eval 11,0]} 5.
c3 {[%eval 4,0]} Nc6 {[%eval 19,0]} 6. Nbd2 {[%eval 9,0]} Bd6 {[%eval 36,0]} 7.
dxc5 {[%eval 16,0]} Bxc5 {[%eval 24,0]} 8. O-O {[%eval 1,0]} O-O {[%eval 24,0]}
9. e4 {[%eval 4,0]} dxe4 $6 {[%eval 71,0] Inaccuracy. Qc7 was best.} (9... Qc7
10. exd5 exd5 11. Nb3 Bb6 12. Bc2 Bg4 13. Bg5 Ne5 14. Bxf6 gxf6 15. Nbd4 Bxd4
16. Qxd4) 10. Nxe4 {[%eval 69,0]} Nxe4 {[%eval 71,0]} 11. Bxe4 {[%eval 68,0]}
Qxd1 {[%eval 68,0]} 12. Rxd1 {[%eval 63,0]} f6 $6 {[%eval 122,0] Inaccuracy.
Rd8 was best.} (12... Rd8) 13. b4 {[%eval 129,0]} Bb6 {[%eval 137,0]} 14. a4 {
[%eval 138,0]} Bc7 $6 {[%eval 237,0] Inaccuracy. Rd8 was best.} (14... Rd8 15.
Bd2) 15. a5 {[%eval 192,0]} a6 {[%eval 243,0]} 16. Be3 {[%eval 232,0]} e5 {
[%eval 292,0]} 17. Bb6 $6 {[%eval 202,0] Inaccuracy. Bd5+ was best.} (17. Bd5+
Kh8 18. Nd2 Nd4 19. Ne4 Nb5 20. f3 Rd8 21. Rac1 Rb8 22. Bf7 Rxd1+ 23. Rxd1 Bf5)
17... Bxb6 {[%eval 206,0]} 18. axb6 {[%eval 249,0]} Rb8 {[%eval 205,0]} 19. Ne1
$2 {[%eval 100,0] Mistake. Bd5+ was best.} (19. Bd5+ Kh8) 19... Ne7 {[%eval
101,0]} 20. Bc2 {[%eval 105,0]} Bg4 $6 {[%eval 172,0] Inaccuracy. Bf5 was best.
} (20... Bf5 21. Bxf5 Nxf5 22. Nd3 Rfc8 23. Nc5 Rc6 24. Rd5 Nd6 25. Rad1 Nc4
26. Nxa6 Rf8 27. Nc5) 21. f3 {[%eval 152,0]} Bh5 $6 {[%eval 259,0] Inaccuracy.
Bf5 was best.} (21... Bf5 22. Bb3+) 22. Nd3 {[%eval 285,0]} Nc8 {[%eval 286,0]}
23. Nc5 {[%eval 274,0]} Nxb6 {[%eval 284,0]} 24. Rd6 {[%eval 275,0]} Nc8 {
[%eval 273,0]} 25. Rd7 {[%eval 306,0]} Nb6 {[%eval 341,0]} 26. Bb3+ $2 {
[%eval 187,0] Mistake. Rxb7 was best.} (26. Rxb7) 26... Bf7 {[%eval 9,0]} 27.
Rxf7 {[%eval 84,0]} Rxf7 {[%eval 107,0]} 28. Rd1 {[%eval 115,0]} Kf8 {[%eval
108,0]} 29. Rd6 {[%eval 102,0]} Na8 {[%eval 95,0]} 30. Bxf7 $6 {[%eval 38,0]
Inaccuracy. Nd7+ was best.} (30. Nd7+) 30... Kxf7 {[%eval 47,0]} 31. Rd7+ {
[%eval 55,0]} Kg6 {[%eval 53,0]} 32. Ne6 {[%eval 45,0]} Nb6 {[%eval 53,0]} 33.
Rxg7+ {[%eval 58,0]} Kh6 {[%eval 44,0]} 34. Rg4 {[%eval 0,0]} Rc8 $4 {[%eval
700,0] Blunder. Nd5 was best.} (34... Nd5 35. Kf2 b5 36. h4 Rc8 37. Rg7 Rc6 38.
Rd7 Nb6 39. Re7 Nd5) 35. Ng7 {[%eval 716,0]} 1-0

[Event "Kvika Reykjavik Open 2022"]
[Site "Reykjavik, Iceland"]
[Date "2022.04.09"]
[Round "5.19"]
[White "Thorfinnsson, Bragi"]
[Black "Lohia, Sohum"]
[Result "1/2-1/2"]
[WhiteElo "2419"]
[BlackElo "2196"]
[PlyCount "37"]
[EventDate "2022.??.??"]

1. d4 {[%eval 3,0]} Nf6 {[%eval 23,0]} 2. c4 {[%eval 2,0]} e6 {[%eval 23,0]} 3.
Nc3 {[%eval 5,0]} Bb4 {[%eval 25,0]} 4. Nf3 {[%eval 0,0]} O-O {[%eval 21,0]} 5.
e3 {[%eval 13,0]} d5 {[%eval 13,0]} 6. Bd2 {[%eval 0,0]} c5 {[%eval 16,0]} 7.
a3 {[%eval 17,0]} Bxc3 {[%eval 34,0]} 8. Bxc3 {[%eval 3,0]} Ne4 {[%eval 58,0]}
9. Rc1 {[%eval 61,0]} Nxc3 {[%eval 47,0]} 10. Rxc3 {[%eval 53,0]} cxd4 {
[%eval 53,0]} 11. exd4 {[%eval 17,0]} Nd7 $2 {[%eval 154,0] Mistake. Nc6 was
best.} (11... Nc6 12. cxd5) 12. Bd3 $4 {[%eval 32,0] Blunder. c5 was best.} (
12. c5) 12... dxc4 {[%eval 56,0]} 13. Rxc4 {[%eval 63,0]} b6 {[%eval 47,0]} 14.
O-O {[%eval 53,0]} Bb7 {[%eval 56,0]} 15. Qe2 {[%eval 5,0]} Nf6 {[%eval 43,0]}
16. Rfc1 $6 {[%eval -69,0] Inaccuracy. Rd1 was best.} (16. Rd1 Qd6 17. Qe5 Rfd8
18. Qxd6 Rxd6 19. Ne5 Nd5 20. Rcc1 f6 21. Nc4 Rc6 22. Ne3 Rac8) 16... Qd6 $2 {
[%eval 6,0] Mistake. Bd5 was best.} (16... Bd5) 17. h3 $6 {[%eval 71,0]
Inaccuracy. Ne5 was best.} (17. Ne5 Qd5 18. Nf3 Qh5 19. Ne5 Qxe2 20. Bxe2 Ba6
21. R4c2 Bxe2 22. Rxe2 Rfc8 23. Rec2 Rxc2) 17... Rac8 $6 {[%eval 1,0]
Inaccuracy. Bd5 was best.} (17... Bd5) 18. Rxc8 {[%eval 22,0]} Rxc8 {[%eval 18,
0]} 19. Rxc8+ {[%eval 12,0]} 1/2-1/2

[Event "Kvika Reykjavik Open 2022"]
[Site "Reykjavik, Iceland"]
[Date "2022.04.09"]
[Round "5.20"]
[White "Large, Peter G"]
[Black "Romanishin, Oleg M"]
[Result "1/2-1/2"]
[WhiteElo "2293"]
[BlackElo "2415"]
[PlyCount "43"]
[EventDate "2022.??.??"]

1. e4 {[%eval 33,0]} e5 {[%eval 12,0]} 2. Nf3 {[%eval 19,0]} Nc6 {[%eval 32,0]}
3. Bb5 {[%eval 24,0]} a6 {[%eval 37,0]} 4. Ba4 {[%eval 35,0]} Nf6 {[%eval 37,0]
} 5. O-O {[%eval 29,0]} Be7 {[%eval 39,0]} 6. Re1 {[%eval 45,0]} b5 {[%eval 33,
0]} 7. Bb3 {[%eval 31,0]} d6 {[%eval 33,0]} 8. c3 {[%eval 96,0]} O-O {[%eval 6,
0]} 9. h3 {[%eval 5,0]} a5 {[%eval 100,0]} 10. d3 {[%eval 67,0]} a4 {[%eval 5,
0]} 11. Bc2 {[%eval 61,0]} Bd7 {[%eval 64,0]} 12. Nbd2 {[%eval 71,0]} Re8 {
[%eval 71,0]} 13. Nf1 {[%eval 67,0]} h6 {[%eval 38,0]} 14. Ne3 {[%eval 5,0]}
Bf8 {[%eval 1,0]} 15. Nh2 {[%eval 28,0]} Ne7 {[%eval 12,0]} 16. Nhg4 {[%eval
35,0]} Ng6 {[%eval 11,0]} 17. g3 $6 {[%eval 77,0] Inaccuracy. Nxf6+ was best.}
(17. Nxf6+ Qxf6) 17... Nh7 $6 {[%eval 11,0] Inaccuracy. c6 was best.} (17... c6
18. d4 exd4 19. Nxf6+ Qxf6 20. cxd4 c5 21. Nd5 Qd8 22. h4 Ne7 23. Nxe7+ Qxe7
24. Bf4) 18. h4 {[%eval 19,0]} Nf6 $6 {[%eval 65,0] Inaccuracy. Qc8 was best.}
(18... Qc8) 19. h5 {[%eval 31,0]} Nxg4 {[%eval 35,0]} 20. hxg6 {[%eval 18,0]}
h5 {[%eval 5,0]} 21. gxf7+ {[%eval 57,0]} Kxf7 {[%eval 5,0]} 22. d4 {[%eval 36,
0]} 1/2-1/2

[Event "Kvika Reykjavik Open 2022"]
[Site "Reykjavik, Iceland"]
[Date "2022.04.09"]
[Round "5.21"]
[White "Willow, Jonah B"]
[Black "Popvasilev, Kaloyan"]
[Result "1/2-1/2"]
[WhiteElo "2411"]
[BlackElo "2191"]
[PlyCount "255"]
[EventDate "2022.??.??"]

1. e4 {[%eval 33,0]} c5 {[%eval 32,0]} 2. Nf3 {[%eval 0,0]} d6 {[%eval 0,0]} 3.
d4 {[%eval 15,0]} Nf6 {[%eval 47,0]} 4. Nc3 {[%eval 35,0]} cxd4 {[%eval 26,0]}
5. Nxd4 {[%eval 18,0]} Nc6 {[%eval 47,0]} 6. Bg5 {[%eval 0,0]} e6 {[%eval 23,0]
} 7. Qd2 {[%eval 9,0]} a6 {[%eval 29,0]} 8. O-O-O {[%eval 6,0]} Bd7 {[%eval 59,
0]} 9. f4 {[%eval 55,0]} b5 {[%eval 56,0]} 10. Bxf6 {[%eval 56,0]} gxf6 {
[%eval 74,0]} 11. Kb1 {[%eval 73,0]} Qb6 {[%eval 77,0]} 12. Nxc6 {[%eval 64,0]}
Bxc6 {[%eval 44,0]} 13. Qe1 {[%eval 35,0]} O-O-O {[%eval 65,0]} 14. Bd3 {
[%eval 38,0]} h5 $6 {[%eval 97,0] Inaccuracy. b4 was best.} (14... b4 15. Ne2
d5 16. Qh4 Bc5 17. f5 e5 18. Ng3 dxe4 19. Bxe4 Rxd1+ 20. Rxd1 Rd8 21. Qg4) 15.
f5 {[%eval 136,0]} b4 {[%eval 98,0]} 16. Ne2 {[%eval 102,0]} e5 {[%eval 112,0]}
17. Qh4 {[%eval 106,0]} Be7 {[%eval 77,0]} 18. Bc4 {[%eval 99,0]} Rdg8 {
[%eval 82,0]} 19. Ng3 {[%eval 9,0]} Rg4 {[%eval 64,0]} 20. Qh3 {[%eval 84,0]}
Qe3 $6 {[%eval 158,0] Inaccuracy. Kb8 was best.} (20... Kb8 21. Bxf7) 21. Be2
$2 {[%eval 42,0] Mistake. Bxf7 was best.} (21. Bxf7 Kb8 22. Rhe1 Qc5 23. Bd5
Bxd5 24. Rxd5 Rxe4 25. Nxe4 Qxd5 26. g4 Rc8 27. g5 fxg5) 21... Rxg3 $2 {
[%eval 187,0] Mistake. Rxe4 was best.} (21... Rxe4 22. Nxe4) 22. Bxa6+ {
[%eval 176,0]} Kc7 {[%eval 201,0]} 23. Qxg3 {[%eval 156,0]} Qxg3 {[%eval 105,0]
} 24. hxg3 {[%eval 199,0]} Bxe4 {[%eval 202,0]} 25. g4 $6 {[%eval 141,0]
Inaccuracy. Be2 was best.} (25. Be2) 25... Ra8 {[%eval 146,0]} 26. Bd3 {
[%eval 151,0]} Bxg2 {[%eval 137,0]} 27. Rxh5 {[%eval 162,0]} d5 {[%eval 159,0]}
28. Rh7 {[%eval 136,0]} Bf3 $6 {[%eval 196,0] Inaccuracy. Rf8 was best.} (28...
Rf8 29. Be2) 29. Rg1 $4 {[%eval 18,0] Blunder. Re1 was best.} (29. Re1) 29...
Rf8 {[%eval 16,0]} 30. Re1 {[%eval 0,0]} Bc5 {[%eval 0,0]} 31. Be2 {[%eval 0,0]
} e4 {[%eval 0,0]} 32. Bxf3 {[%eval 0,0]} exf3 {[%eval 0,0]} 33. Rf1 {[%eval 0,
0]} f2 {[%eval 0,0]} 34. Kc1 {[%eval 1,0]} Kd6 {[%eval 3,0]} 35. Kd2 {[%eval 0,
0]} Ke5 {[%eval 0,0]} 36. Ke2 {[%eval 0,0]} Kf4 {[%eval 0,0]} 37. Rd1 {[%eval
0,0]} Kg3 {[%eval 0,0]} 38. Kf1 {[%eval 0,0]} Re8 {[%eval 0,0]} 39. a4 {
[%eval 2,0]} bxa3 {[%eval 0,0]} 40. bxa3 {[%eval 0,0]} Be3 {[%eval 0,0]} 41.
Rxd5 {[%eval 2,0]} Kxg4 {[%eval 25,0]} 42. Rh1 {[%eval 8,0]} Bb6 {[%eval 6,0]}
43. Kg2 {[%eval 0,0]} Rg8 {[%eval 2,0]} 44. Rdd1 {[%eval 3,0]} Kf4+ {[%eval 0,
0]} 45. Kf1 {[%eval 0,0]} Rg3 {[%eval 8,0]} 46. Ke2 {[%eval 8,0]} Rxa3 {
[%eval 3,0]} 47. Rd3 {[%eval 11,0]} Ra7 {[%eval 7,0]} 48. Rb1 {[%eval 8,0]}
Re7+ {[%eval 7,0]} 49. Kf1 {[%eval 0,0]} Bc5 {[%eval 0,0]} 50. Rd5 {[%eval 6,0]
} Ba7 {[%eval 3,0]} 51. c4 {[%eval 0,0]} Be3 {[%eval 5,0]} 52. c5 {[%eval 6,0]}
Kf3 $6 {[%eval 62,0] Inaccuracy. Re4 was best.} (52... Re4 53. Kg2 Rc4 54. c6
Rxc6 55. Rdb5 Rc3 56. R1b4+ Kg5 57. Rb2 Rc4 58. Rxf2 Bxf2 59. Kxf2) 53. Rd3 {
[%eval 54,0]} Ke4 {[%eval 69,0]} 54. Rc3 {[%eval 61,0]} Bd4 {[%eval 59,0]} 55.
Rcc1 {[%eval 39,0]} Kd5 {[%eval 5,0]} 56. c6 {[%eval 41,0]} Rc7 {[%eval 52,0]}
57. Rb5+ {[%eval 53,0]} Kd6 {[%eval 41,0]} 58. Rc4 {[%eval 33,0]} Be3 {[%eval
33,0]} 59. Rb3 {[%eval 23,0]} Bc5 {[%eval 19,0]} 60. Rb7 {[%eval 0,0]} Rxc6 {
[%eval 0,0]} 61. Rxf7 {[%eval 0,0]} Kd5 {[%eval 0,0]} 62. Rc1 {[%eval 7,0]} Bd4
{[%eval 13,0]} 63. Rd7+ {[%eval 15,0]} Rd6 {[%eval 6,0]} 64. Re7 {[%eval 13,0]}
Rd8 {[%eval 7,0]} 65. Rd1 {[%eval 0,0]} Kc4 {[%eval 17,0]} 66. Rc7+ {[%eval 7,
0]} Kd5 {[%eval 0,0]} 67. Rh7 {[%eval 0,0]} Ke5 {[%eval 0,0]} 68. Re7+ {
[%eval 0,0]} Kxf5 {[%eval 0,0]} 69. Re2 {[%eval 0,0]} Bb6 {[%eval 6,0]} 70.
Rxd8 {[%eval 7,0]} Bxd8 {[%eval 0,0]} 71. Kxf2 {[%eval 5,0]} Bc7 {[%eval 1,0]}
72. Kf3 {[%eval 4,0]} Be5 {[%eval 3,0]} 73. Ra2 {[%eval 5,0]} Bd6 {[%eval 2,0]}
74. Ra5+ {[%eval 0,0]} Be5 {[%eval 1,0]} 75. Rb5 {[%eval 0,0]} Ke6 {[%eval 3,0]
} 76. Ke4 {[%eval 5,0]} Kd6 {[%eval 0,0]} 77. Rb6+ {[%eval 4,0]} Kc7 {[%eval 0,
0]} 78. Ra6 {[%eval 0,0]} Kb7 {[%eval 4,0]} 79. Re6 {[%eval 6,0]} Ka8 {[%eval
0,0]} 80. Kd5 {[%eval 6,0]} Kb7 {[%eval 5,0]} 81. Kc5 {[%eval 4,0]} Ka8 {
[%eval 29,0]} 82. Kb6 {[%eval 2,0]} Bd4+ {[%eval 18,0]} 83. Ka6 {[%eval 12,0]}
Ba7 {[%eval 7,0]} 84. Re8+ {[%eval 1,0]} Bb8 {[%eval 12,0]} 85. Kb6 {[%eval 12,
0]} f5 {[%eval 12,0]} 86. Rf8 {[%eval 17,0]} f4 {[%eval 18,0]} 87. Kc6 {
[%eval 4,0]} f3 {[%eval 21,0]} 88. Kb6 {[%eval 19,0]} f2 {[%eval 22,0]} 89. Kc6
{[%eval 7,0]} f1=Q {[%eval 4,0]} 90. Rxf1 {[%eval 0,0]} (90. Rf5 Qf2 91. Rxf2)
90... Ba7 {[%eval 0,0]} 91. Rf7 {[%eval 17,0]} Bb8 {[%eval 3,0]} 92. Kb6 {
[%eval 16,0]} Bg3 {[%eval 2,0]} 93. Rf3 {[%eval 19,0]} Bh2 {[%eval 5,0]} 94.
Rf1 {[%eval 9,0]} Bg3 {[%eval 16,0]} 95. Rf5 {[%eval 16,0]} Bh2 {[%eval 6,0]}
96. Rh5 {[%eval 8,0]} Bg1+ {[%eval 11,0]} 97. Kc7 {[%eval 5,0]} Bf2 {[%eval 0,
0]} 98. Rh3 {[%eval 18,0]} Bg1 {[%eval 6,0]} 99. Rh8+ {[%eval 18,0]} Ka7 {
[%eval 23,0]} 100. Rh1 {[%eval 12,0]} Bb6+ {[%eval 16,0]} 101. Kc6 {[%eval 7,0]
} Bf2 {[%eval 14,0]} 102. Rh2 {[%eval 8,0]} Be3 {[%eval 16,0]} 103. Rh8 {
[%eval 17,0]} Bf2 {[%eval 11,0]} 104. Re8 {[%eval 12,0]} Bg1 {[%eval 7,0]} 105.
Rf8 {[%eval 9,0]} Be3 {[%eval 5,0]} 106. Rf7+ {[%eval 5,0]} Ka8 {[%eval 12,0]}
107. Kc7 {[%eval 12,0]} Bg1 {[%eval 0,0]} 108. Rf1 {[%eval 11,0]} Bh2+ {
[%eval 3,0]} 109. Kb6 {[%eval 6,0]} Bg3 {[%eval 7,0]} 110. Rf3 {[%eval 12,0]}
Bh2 {[%eval 0,0]} 111. Rh3 {[%eval 5,0]} Bg1+ {[%eval 0,0]} 112. Kc7 {[%eval 4,
0]} Bf2 {[%eval 0,0]} 113. Kc6 {[%eval 7,0]} Bg1 {[%eval 0,0]} 114. Rg3 {
[%eval 0,0]} Bf2 {[%eval 0,0]} 115. Rg2 {[%eval 0,0]} Be3 {[%eval 4,0]} 116.
Rg4 {[%eval 4,0]} Bf2 {[%eval 0,0]} 117. Rg2 {[%eval 4,0]} Be3 {[%eval 0,0]}
118. Re2 {[%eval 0,0]} Bg1 {[%eval 2,0]} 119. Kc7 {[%eval 0,0]} Bd4 {[%eval 0,
0]} 120. Re8+ {[%eval 7,0]} Ka7 {[%eval 0,0]} 121. Re4 {[%eval 0,0]} Bb6+ {
[%eval 0,0]} 122. Kc6 {[%eval 0,0]} Bg1 {[%eval 1,0]} 123. Rg4 {[%eval 2,0]}
Bf2 {[%eval 2,0]} 124. Rg7+ {[%eval 4,0]} Ka8 {[%eval 0,0]} 125. Kc7 {[%eval 0,
0]} Be3 {[%eval 0,0]} 126. Rg4 {[%eval 0,0]} Bf2 {[%eval 0,0]} 127. Ra4+ {
[%eval 0,0]} Ba7 {[%eval 0,0]} 128. Kc8 1/2-1/2

[Event "Kvika Reykjavik Open 2022"]
[Site "Reykjavik, Iceland"]
[Date "2022.04.09"]
[Round "5.23"]
[White "Louis, Thibault"]
[Black "Tania, Sachdev"]
[Result "0-1"]
[WhiteElo "2181"]
[BlackElo "2392"]
[PlyCount "104"]
[EventDate "2022.??.??"]

1. e4 {[%eval 33,0]} e5 {[%eval 12,0]} 2. Nf3 {[%eval 19,0]} Nc6 {[%eval 32,0]}
3. Bb5 {[%eval 24,0]} a6 {[%eval 37,0]} 4. Ba4 {[%eval 35,0]} Nf6 {[%eval 37,0]
} 5. O-O {[%eval 29,0]} b5 {[%eval 33,0]} 6. Bb3 {[%eval 44,0]} Bb7 {[%eval 52,
0]} 7. d4 $6 {[%eval 16,0] Inaccuracy. d3 was best.} (7. d3 Be7 8. c4 bxc4 9.
Bxc4 O-O 10. Nc3 d6 11. a3 Na5) 7... Nxd4 {[%eval 3,0]} 8. Nxd4 {[%eval 0,0]}
exd4 {[%eval 2,0]} 9. e5 {[%eval 0,0]} Ne4 {[%eval 0,0]} 10. c3 {[%eval 0,0]}
d3 {[%eval 32,0]} 11. Qxd3 {[%eval 3,0]} Nc5 {[%eval 37,0]} 12. Qg3 {[%eval 21,
0]} Nxb3 {[%eval 0,0]} 13. axb3 {[%eval 18,0]} Qe7 {[%eval 1,0]} 14. Nd2 {
[%eval 7,0]} Qe6 {[%eval 61,0]} 15. b4 {[%eval 9,0]} O-O-O {[%eval 56,0]} 16.
Nf3 {[%eval 23,0]} h6 {[%eval 67,0]} 17. Nd4 {[%eval 8,0]} Qd5 {[%eval 29,0]}
18. f4 $2 {[%eval -39,0] Mistake. Be3 was best.} (18. Be3 Re8) 18... d6 $4 {
[%eval 53,0] Blunder. Bxb4 was best.} (18... Bxb4) 19. Qf3 $2 {[%eval 92,0]
Mistake. Be3 was best.} (19. Be3 Rg8 20. Rad1 g5 21. Qg4+ Kb8 22. fxg5 Qxe5 23.
Rde1 Qd5 24. Rf5 Qa2 25. Rf2 Qd5) 19... dxe5 $6 {[%eval 1,0] Inaccuracy. Qxd4+
was best.} (19... Qxd4+ 20. cxd4 Bxf3 21. Rxf3 Kb7 22. Be3 Rd7 23. Raf1 h5 24.
Rg3 dxe5 25. fxe5 f6 26. e6) 20. Qxd5 {[%eval 49,0]} Bxd5 {[%eval 61,0]} 21.
fxe5 {[%eval 61,0]} Kb7 {[%eval 68,0]} 22. Bf4 {[%eval -100,0]} g6 {[%eval 56,
0]} 23. Ra3 $2 {[%eval -37,0] Mistake. e6 was best.} (23. e6 Rh7) 23... c5 {
[%eval -79,0]} 24. bxc5 {[%eval -83,0]} Bxc5 {[%eval -63,0]} 25. b4 {[%eval
-61,0]} Bb6 {[%eval -72,0]} 26. Rfa1 {[%eval -21,0]} Ra8 {[%eval -91,0]} 27.
Kf1 {[%eval -169,0]} Bc4+ {[%eval -188,0]} 28. Ke1 {[%eval -162,0]} Rhe8 {
[%eval -141,0]} 29. Kd2 $6 {[%eval -297,0] Inaccuracy. Bg3 was best.} (29. Bg3
h5 30. Nf3 f6 31. Rd1 Rad8 32. Rxd8 Bxd8 33. Kd1 Bd5 34. exf6 Bxf6 35. Bf2 g5)
29... Bc7 $2 {[%eval -8,0] Mistake. g5 was best.} (29... g5) 30. Bxh6 $6 {
[%eval -109,0] Inaccuracy. Re1 was best.} (30. Re1 Rad8) 30... Bxe5 {[%eval
-157,0]} 31. Nf3 {[%eval -148,0]} Bc7 {[%eval -142,0]} 32. Be3 {[%eval -143,0]}
Bd5 {[%eval -132,0]} 33. Rf1 {[%eval -272,0]} Rad8 {[%eval -254,0]} 34. Bd4 {
[%eval -248,0]} Bf4+ {[%eval -298,0]} 35. Kd1 {[%eval -253,0]} Rd7 $2 {[%eval
-191,0] Mistake. f5 was best.} (35... f5) 36. g3 $6 {[%eval -126,0] Inaccuracy.
Ne1 was best.} (36. Ne1 Bxh2) 36... Bc7 $2 {[%eval -77,0] Mistake. Bh6 was
best.} (36... Bh6 37. g4) 37. Kd2 $6 {[%eval -199,0] Inaccuracy. Nd2 was best.}
(37. Nd2) 37... Rde7 {[%eval -39,0]} 38. Ng1 {[%eval -15,0]} f5 {[%eval -61,0]}
39. Raa1 {[%eval -66,0]} Bc4 {[%eval -96,0]} 40. Rfe1 $6 {[%eval -164,0]
Inaccuracy. Rf2 was best.} (40. Rf2) 40... f4 {[%eval -194,0]} 41. g4 $2 {
[%eval -344,0] Mistake. Rxe7 was best.} (41. Rxe7 Rxe7 42. gxf4 Bxf4+ 43. Kc2
Bxh2 44. Rd1 g5 45. Nf3 Re2+ 46. Rd2 Bf4 47. Rxe2 Bxe2) 41... f3 {[%eval -309,
0]} 42. Rxe7 {[%eval -317,0]} Rxe7 {[%eval -314,0]} 43. Nxf3 {[%eval -427,0]}
Bf4+ {[%eval -459,0]} 44. Kc2 {[%eval -416,0]} Re2+ {[%eval -447,0]} 45. Kd1 {
[%eval -495,0]} Rg2 {[%eval -415,0]} 46. Ke1 {[%eval -454,0]} Bd5 {[%eval -493,
0]} 47. Ng1 {[%eval -509,0]} Bd2+ {[%eval -692,0]} 48. Kf1 {[%eval -591,0]}
Rxh2 {[%eval -516,0]} 49. Bf2 {[%eval -509,0]} Bc4+ {[%eval -591,0]} 50. Ne2 {
[%eval -534,0]} Be3 {[%eval -538,0]} 51. Bxe3 {[%eval -417,0]} Rxe2 {[%eval
-564,0]} 52. Re1 $6 {[%eval -1068,0] Inaccuracy. Bf2 was best.} (52. Bf2) 52...
Rxe3+ {[%eval -919,0]} 0-1

[Event "Kvika Reykjavik Open 2022"]
[Site "Reykjavik, Iceland"]
[Date "2022.04.09"]
[Round "5.24"]
[White "Grieve, Harry"]
[Black "Ingvason, Johann"]
[Result "1-0"]
[WhiteElo "2387"]
[BlackElo "2172"]
[PlyCount "69"]
[EventDate "2022.??.??"]

1. e4 {[%eval 33,0]} e6 {[%eval 13,0]} 2. d4 {[%eval 24,0]} d5 {[%eval 25,0]}
3. Nd2 {[%eval 11,0]} dxe4 {[%eval 46,0]} 4. Nxe4 {[%eval 0,0]} Be7 {[%eval 6,
0]} 5. Nf3 {[%eval 62,0]} Nd7 {[%eval 45,0]} 6. Bf4 {[%eval 0,0]} Ngf6 {
[%eval 81,0]} 7. Nxf6+ {[%eval 76,0]} Nxf6 {[%eval 86,0]} 8. g3 $6 {[%eval 35,
0] Inaccuracy. Bd3 was best.} (8. Bd3 b6 9. O-O O-O 10. Qe2 Bb7 11. Rad1 Rc8
12. c3 h6) 8... b6 {[%eval 44,0]} 9. Bb5+ {[%eval 44,0]} Bd7 {[%eval 29,0]} 10.
a4 {[%eval 17,0]} O-O {[%eval 32,0]} 11. O-O {[%eval 44,0]} c5 {[%eval 75,0]}
12. Ne5 {[%eval 44,0]} Bxb5 $2 {[%eval 201,0] Mistake. cxd4 was best.} (12...
cxd4 13. Qxd4 Be8 14. Qxd8 Rxd8 15. c4 Ne4 16. Rad1 Rxd1 17. Rxd1 Bc5 18. Nd3
Bd4 19. Re1) 13. axb5 {[%eval 184,0]} Nd5 {[%eval 206,0]} 14. Nc6 {[%eval 202,
0]} Qe8 {[%eval 199,0]} 15. dxc5 {[%eval 205,0]} Bxc5 {[%eval 219,0]} 16. Be5 {
[%eval 200,0]} a5 {[%eval 207,0]} 17. Qg4 {[%eval 178,0]} f6 {[%eval 187,0]}
18. Bd4 {[%eval 214,0]} h5 {[%eval 179,0]} 19. Qe4 {[%eval 197,0]} f5 {[%eval
232,0]} 20. Qe5 {[%eval 212,0]} Bxd4 {[%eval 221,0]} 21. Qxd4 $6 {[%eval 151,0]
Inaccuracy. Nxd4 was best.} (21. Nxd4 Qf7 22. Qxe6 Qxe6 23. Nxe6 Rfe8 24. Rfe1
Kf7 25. Ng5+ Kf6 26. h4 Nb4 27. Rxe8 Rxe8) 21... f4 {[%eval 196,0]} 22. Rfe1 {
[%eval 148,0]} fxg3 $6 {[%eval 249,0] Inaccuracy. h4 was best.} (22... h4 23.
g4) 23. hxg3 {[%eval 222,0]} Qf7 $6 {[%eval 341,0] Inaccuracy. Rc8 was best.} (
23... Rc8) 24. c4 {[%eval 395,0]} Nf6 {[%eval 403,0]} 25. Qxb6 {[%eval 428,0]}
h4 {[%eval 523,0]} 26. Ne5 {[%eval 521,0]} Qh5 {[%eval 638,0]} 27. Qxe6+ {
[%eval 618,0]} Kh7 {[%eval 637,0]} 28. Qh3 {[%eval 511,0]} hxg3 {[%eval 535,0]}
29. Qxh5+ {[%eval 591,0]} Nxh5 {[%eval 561,0]} 30. fxg3 {[%eval 569,0]} Nxg3 {
[%eval 507,0]} 31. Ra3 {[%eval 554,0]} Nh5 {[%eval 612,0]} 32. b6 {[%eval 568,
0]} Rf5 {[%eval 626,0]} 33. Rf3 {[%eval 644,0]} Rg5+ {[%eval 572,0]} 34. Kf2 {
[%eval 605,0]} Re8 {[%eval 800,0]} 35. Nf7 {[%eval 738,0]} 1-0